000 00789cab a2200241 4500
001 ABS41370
008 090401t1989 xxu||||| |||| 00| 0 eng d
035 _a(Sirsi) u29755
041 _aeng
100 _aAshley, S.
245 _aThink of a number and halve it
260 _c1989
350 _a0
490 _aChartered Quantity Surveyor
_v12(1) September 1989, 22-28(5)
520 _aReviews in detail the cost-effective design of the East Radnor Leisure Centre in Powys, concentrating on the role played by the acting QS. Illustrates with photos and diagrams.
650 _aBUILT ENVIRONMENT-BUILDING COSTS
650 _aSPORTS CENTRE
650 _aSWIMMING POOL
650 _aWALES
690 _aBUILDING AND CONSTRUCTION-PROJECTS
942 _n0
948 _c04/03/1997
999 _c20012
_d20012